| 000 | 00366nam a2200157 a 4500 | ||
|---|---|---|---|
| 001 | 4144 | ||
| 003 | MO | ||
| 005 | 20170314095518.0 | ||
| 008 | 090317s19uu xx 00 eng d | ||
| 050 |
_aTR _bD11 1995 |
||
| 100 | _aDahl, Roald | ||
| 245 | _aJames and the giant peach. | ||
| 260 |
_aNew York : _bPuffin Book, _c1961. |
||
| 942 |
_2ddc _cBK |
||
| 999 |
_c110936 _d110936 |
||